Statistiche per Paesi che iniziano con la B

Clicka qui per fare il quiz!

Statistiche generali

  • Questo quiz è stato fatto 4.069 volte
  • Il punteggio medio è 12 su 17

Statistiche sulle risposte

Paese% Corretto
Brasile
87%
Bolivia
80%
Belgio
78%
Bielorussia
76%
Burundi
75%
Bhutan
73%
Bangladesh
72%
Belize
71%
Bulgaria
70%
Botswana
68%
Bahamas
67%
Barbados
63%
Bosnia ed Erzegovina
63%
Brunei
62%
Benin
61%
Burkina Faso
60%
Bahrain
59%

Distribuzione punteggi

Percentile per numero di risposta

Percentuale di utenti per punteggio

I tuoi punteggi nel tempo

Non hai fatto questo quiz